000 00463nam a2200193Ia 4500
005 20240823031322.0
008 240823s9999||||xx |||||||||||||| ||und||
020 _a978-0-07-0486-4
041 _aENGLISH
082 _A005.7585 Q1
100 _aKevin Loney et al.
245 0 _aOracle 9i DBA Handbook
250 _a1st
260 _c2011
_b"Tata Mcgraw Hill,New "
500 _aYES
650 _aOracle
_bComputer Science
942 _cBK
999 _c190787
_d190787